[Event "SVK-ch Amateurs"]
[Site "Topolcany"]
[Date "2021.08.06"]
[Round "1"]
[White "Hamara, Roman"]
[Black "Skreko, Igor1111"]
[Result "0-1"]
[WhiteElo "1610"]
[BlackElo "2014"]
[PlyCount "62"]
[EventDate "2021.08.06"]
[EventType "swiss"]
[EventRounds "7"]
[EventCountry "SVK"]
[SourceTitle "EXT 2022"]
[Source "ChessBase"]
[SourceDate "2021.10.06"]
[SourceVersion "1"]
[SourceVersionDate "2021.10.06"]
[SourceQuality "1"]

1. e4 c5 2. b3 d6 3. Nf3 Nf6 4. Nc3 g6 5. d4 cxd4 6. Nxd4 Bg7 7. Bb2 Nc6 8. Bb5 Bd7 9. Nxc6 bxc6 10. Bd3 0-0 11. Ne2 a5 12. a4 Qb6 13. 0-0 Rab8 14. Rb1 Rfc8 15. e5 Ng4 16. exd6 Bxb2 17. Rxb2 exd6 18. Qd2 c5 19. Nc3 d5 20. Qf4 Qf6 21. Qxf6 Nxf6 22. Bb5 d4 23. Bxd7 dxc3 24. Bxc8 cxb2 25. Ba6 c4 26. Bxc4 Ne4 27. c3 Nd2 28. Bd3 Nxf1 29. Kxf1 Rxb3 30. Bb1 Rxc3 31. Ke2 Rc1 0-1

[Event "SVK-chT3B2 1718"]
[Site "Slovakia"]
[Date "2017.11.19"]
[Round "4.7"]
[White "Kostelansky, Karol"]
[Black "Hamara, Roman"]
[Result "0-1"]
[WhiteElo "1357"]
[BlackElo "1653"]
[PlyCount "120"]
[EventDate "2017.10.08"]
[EventType "team-tourn"]
[EventRounds "11"]
[EventCountry "SVK"]
[SourceTitle "EXT 2019"]
[Source "ChessBase"]
[SourceDate "2018.10.10"]
[SourceVersion "1"]
[SourceVersionDate "2018.10.10"]
[SourceQuality "1"]
[WhiteTeam "Povazske Podhradie II"]
[BlackTeam "Bojnice"]
[WhiteTeamCountry "SVK"]
[BlackTeamCountry "SVK"]

1. e4 Nf6 2. e5 Nd5 3. c4 Nb6 4. d4 d6 5. exd6 exd6 6. Nc3 g6 7. Nf3 Bg7 8. Be3 0-0 9. Bd3 N8d7 10. Rc1 c6 11. 0-0 Nf6 12. h3 Be6 13. b3 a5 14. Qd2 Nc8 15. Bh6 Ne7 16. Rfe1 Bf5 17. Bxg7 Kxg7 18. Re3 Bxd3 19. Qxd3 Nf5 20. Re2 Qd7 21. g4 Ne7 22. Rce1 Rae8 23. d5 cxd5 24. g5 Nh5 25. Nxd5 Nxd5 26. Rxe8 Rxe8 27. Rxe8 Qxe8 28. Qxd5 Qd7 29. Ne5 Qf5 30. Ng4 Qxd5 31. cxd5 Nf4 32. h4 Nxd5 33. Kf1 Nc3 34. a4 b5 35. axb5 Nxb5 36. Ne3 Nd4 37. Nc4 Nxb3 38. Nxd6 a4 39. Nc4 Nd4 40. Kg2 Nc2 41. Kf3 a3 42. Nxa3 Nxa3 43. Ke4 f5+ 44. Ke3 h6 45. f4 hxg5 46. hxg5 Kf7 47. Kd4 Ke6 48. Ke3 Kd5 49. Kd3 Nb5 50. Ke3 Kc4 51. Ke2 Kd4 52. Kf3 Kd3 53. Kf2 Ke4 54. Kg3 Ke3 55. Kh3 Kxf4 56. Kh4 Ke3 57. Kg3 f4+ 58. Kg2 Ke2 59. Kh3 f3 60. Kh2 f2 0-1

[Event "SVK-chT2B 1516"]
[Site "Slovakia"]
[Date "2015.11.08"]
[Round "4.4"]
[White "Hamara, Roman"]
[Black "Hegedus, Roland"]
[Result "1/2-1/2"]
[WhiteElo "1721"]
[BlackElo "2019"]
[PlyCount "25"]
[EventDate "2015.10.17"]
[EventType "team-tourn"]
[EventRounds "11"]
[EventCountry "SVK"]
[SourceTitle "EXT 2019"]
[Source "ChessBase"]
[SourceDate "2018.10.10"]
[SourceVersion "1"]
[SourceVersionDate "2018.10.10"]
[SourceQuality "1"]
[WhiteTeam "Bojnice SK PRM"]
[BlackTeam "Komarno KSC"]
[WhiteTeamCountry "SVK"]
[BlackTeamCountry "SVK"]

1. e4 c5 2. Nf3 Nc6 3. d4 cxd4 4. Nxd4 Nf6 5. Nc3 e5 6. Nxc6 bxc6 7. Bc4 Bb4 8. Bd2 0-0 9. 0-0 d5 10. exd5 Bxc3 11. Bxc3 cxd5 12. Bb3 Re8 13. Re1 1/2-1/2

[Event "SVK-chT2B 1516"]
[Site "Slovakia"]
[Date "2015.10.17"]
[Round "1.6"]
[White "Babinsky, Michal"]
[Black "Hamara, Roman"]
[Result "1-0"]
[WhiteElo "1709"]
[BlackElo "1764"]
[PlyCount "47"]
[EventDate "2015.10.17"]
[EventType "team-tourn"]
[EventRounds "11"]
[EventCountry "SVK"]
[SourceTitle "EXT 2019"]
[Source "ChessBase"]
[SourceDate "2018.10.10"]
[SourceVersion "1"]
[SourceVersionDate "2018.10.10"]
[SourceQuality "1"]
[WhiteTeam "Levice"]
[BlackTeam "Bojnice SK PRM"]
[WhiteTeamCountry "SVK"]
[BlackTeamCountry "SVK"]

1. d4 Nf6 2. c4 e6 3. Nf3 Bb4+ 4. Bd2 Bxd2+ 5. Nbxd2 b6 6. e4 d5 7. cxd5 exd5 8. e5 Ne4 9. Bd3 Nxd2 10. Qxd2 Bg4 11. Ng5 Bh5 12. Nxh7 Nd7 13. Qg5 Qxg5 14. Nxg5 Bg4 15. h3 c5 16. Kd2 Be6 17. f4 Nb8 18. f5 Bc8 19. e6 fxe6 20. fxe6 c4 21. Bg6+ Ke7 22. Rhf1 Bxe6 23. Rae1 Nc6 24. Rxe6+ 1-0

[Event "SVK-chT2B 1415"]
[Site "Slovakia"]
[Date "2015.03.07"]
[Round "10.8"]
[White "Hamara, Roman"]
[Black "Kunovsky, Daniel"]
[Result "0-1"]
[WhiteElo "1563"]
[BlackElo "2022"]
[PlyCount "90"]
[EventDate "2014.10.11"]
[EventType "team-tourn"]
[EventRounds "11"]
[EventCountry "SVK"]
[SourceTitle "EXT 2019"]
[Source "ChessBase"]
[SourceDate "2018.10.10"]
[SourceVersion "1"]
[SourceVersionDate "2018.10.10"]
[SourceQuality "1"]
[WhiteTeam "Bojnice SK PRM"]
[BlackTeam "Sala Slovan Duslo"]
[WhiteTeamCountry "SVK"]
[BlackTeamCountry "SVK"]

1. e4 e5 2. Nf3 Nc6 3. Bc4 Nf6 4. 0-0 Be7 5. d3 d6 6. h3 0-0 7. Bg5 Na5 8. Nbd2 c5 9. Bxf6 Bxf6 10. Bd5 Rb8 11. a4 Qc7 12. Nc4 Nxc4 13. Bxc4 b6 14. Bd5 Bd7 15. c4 Kh8 16. Nh2 g6 17. Ng4 Bg7 18. f4 exf4 19. Ra2 f5 20. exf5 Rxf5 21. b3 Bc6 22. Bxc6 Qxc6 23. Re2 Rbf8 24. Re7 R5f7 25. Rxf7 Rxf7 26. Qf3 Bd4+ 27. Kh1 Qxf3 28. Rxf3 Re7 29. Rf1 Kg7 30. Nh2 Re3 31. Rd1 Re2 32. Nf3 Rb2 33. Nxd4 cxd4 34. Re1 Rxb3 35. Re7+ Kf6 36. Rxa7 Rxd3 37. Ra6 Rb3 38. a5 bxa5 39. Rxd6+ Ke5 40. Rd5+ Ke4 41. Rxa5 Rc3 42. c5 d3 43. Ra4+ Ke3 44. c6 d2 45. Ra1 Rc1+ 0-1

[Event "SVK-chT2B 1415"]
[Site "Slovakia"]
[Date "2015.02.14"]
[Round "8.8"]
[White "Hamara, Roman"]
[Black "Novotny, Michal1111"]
[Result "1/2-1/2"]
[WhiteElo "1563"]
[BlackElo "1946"]
[PlyCount "43"]
[EventDate "2014.10.11"]
[EventType "team-tourn"]
[EventRounds "11"]
[EventCountry "SVK"]
[SourceTitle "EXT 2019"]
[Source "ChessBase"]
[SourceDate "2018.10.10"]
[SourceVersion "1"]
[SourceVersionDate "2018.10.10"]
[SourceQuality "1"]
[WhiteTeam "Bojnice SK PRM"]
[BlackTeam "Tlmace SK"]
[WhiteTeamCountry "SVK"]
[BlackTeamCountry "SVK"]

1. e4 e6 2. d4 d5 3. Nd2 Nf6 4. e5 Nfd7 5. Ngf3 c5 6. c3 Nc6 7. Bb5 a6 8. Bxc6 bxc6 9. 0-0 cxd4 10. cxd4 Qb6 11. Qb3 Rb8 12. Qxb6 Rxb6 13. a3 a5 14. Re1 c5 15. Nf1 cxd4 16. Nxd4 Bc5 17. Nc2 0-0 18. b4 axb4 19. axb4 Bxb4 20. Nxb4 f6 21. Bd2 Nxe5 22. Reb1 1/2-1/2